|
|
|
|
| LEADER |
00000nab a2200000 a 4500 |
| 001 |
vtls000875374 |
| 003 |
SK-MaSNL |
| 005 |
20260426072251.0 |
| 008 |
140301c2004 xo 0 slo |
| 015 |
|
|
|a SNBRB2004/06-17783
|
| 035 |
|
|
|a CLN000226926
|
| 040 |
|
|
|a SNKBUCL
|b slo
|c SNKBUCL
|e AACR2
|
| 041 |
0 |
|
|a slo
|
| 044 |
|
|
|a xo
|c SK
|
| 080 |
|
|
|a 338.1(437.6):339.92:061.1(100)
|2 1997
|
| 080 |
|
|
|a 339.92:061.1(100)
|2 1997
|
| 100 |
1 |
|
|a Podstupka, Ivan
|4 aut
|9 275288
|
| 245 |
1 |
0 |
|a OECD vidí slovenskú ekonomiku v troch scenároch
|b ak by vláda presadila všetky reformy bez výhrad, HDP by v tomto roku vzrástol minimálne o päť percent
|c Ivan Podstupka, Ľuboš Jančík
|
| 300 |
|
|
|b Tab.
|
| 610 |
2 |
7 |
|a Organizácia pre hospodársku spoluprácu a rozvoj
|2 SNKKA
|9 34678
|
| 650 |
0 |
7 |
|a ekonomika
|2 SNKPH
|9 789
|
| 651 |
|
7 |
|a Slovensko
|2 SNKPHgeo
|9 14231
|
| 655 |
|
7 |
|a články z novín a časopisov
|2 snkbucl
|9 267496
|
| 700 |
1 |
|
|a Jančík, Ľuboš
|4 aut
|9 839570
|
| 773 |
0 |
|
|t Hospodárske noviny
|g Roč. 12, č. 28 (11.2.2004), s. 3
|x 1335-4701
|
| 850 |
|
|
|a Slovenská národná knižnica v Martine
|
| 852 |
|
|
|a SNK
|b KIS3GCP
|
| 958 |
|
|
|a SK
|
| 992 |
|
|
|a RBX
|
| 999 |
|
|
|c 2686884
|d 2688814
|